| 000 | 00401cam a22001217a 4500 | ||
|---|---|---|---|
| 008 | 180718b1968 xxu||||| |||| 00| 0 eng d | ||
| 082 | _aA81x54 In2/61/1/No8 | ||
| 100 | _aCensus of India 1961 | ||
| 245 | _aEconomic regionalization of India: problems and approaches | ||
| 260 |
_aDelhi _bThe Manager of Publications _c1968 |
||
| 300 | _a257+p. | ||
| 440 | _aCensus of India 1961. Volume 1, Monograph No. 8 | ||
| 999 |
_c483875 _d483875 |
||